[Event "AUT-chT2O 2223"]
[Site "Austria"]
[Date "2022.10.16"]
[Round "2.2"]
[White "Mikes, Jan"]
[Black "Heiny, Johannes"]
[Result "1-0"]
[WhiteElo "2357"]
[BlackElo "2257"]
[PlyCount "83"]
[EventDate "2022.10.15"]
[EventType "team-tourn"]
[EventRounds "11"]
[EventCountry "AUT"]
[SourceTitle "EXT 2024"]
[Source "ChessBase"]
[SourceDate "2023.10.10"]
[SourceVersion "1"]
[SourceVersionDate "2023.10.10"]
[SourceQuality "1"]
[WhiteTeam "Mistelbach/Altlichtenwarth"]
[BlackTeam "Purbach/Donnerskirchen"]
[WhiteTeamCountry "AUT"]
[BlackTeamCountry "AUT"]

1. e4 e6 2. b3 d5 3. Bb2 Nf6 4. e5 Nfd7 5. f4 c5 6. Qg4 Nc6 7. Bb5 Qb6 8. Bxc6 Qxc6 9. Nf3 a5 10. a4 c4 11. Ba3 cxb3 12. cxb3 Bxa3 13. Nxa3 0-0 14. 0-0 Nc5 15. Nb5 Qb6 16. Kh1 Ne4 17. h4 Bd7 18. Nbd4 Nxd2 19. Nxd2 Qxd4 20. Rad1 b5 21. Rf3 f5 22. Qg3 bxa4 23. Rd3 Qb4 24. bxa4 Bxa4 25. Rb1 Qe7 26. Rb6 Rab8 27. Rd6 Rfd8 28. Ra3 Bb5 29. Rxa5 Rxd6 30. exd6 Qxd6 31. Ra7 Qf8 32. Nf3 Rd8 33. h5 Rd7 34. Ra5 Be2 35. Ne5 Rd8 36. h6 Qf6 37. hxg7 Qxg7 38. Qe3 Bh5 39. Ra7 Qf6 40. Qh3 Bg6 41. Qh6 Qf8 42. Qg5 1-0

[Event "AUT-chT2O 1314"]
[Site "Austria"]
[Date "2014.01.25"]
[Round "6.2"]
[White "Polak, Tomas"]
[Black "Heiny, Johannes"]
[Result "1-0"]
[WhiteElo "2502"]
[BlackElo "2297"]
[PlyCount "65"]
[EventDate "2013.10.05"]
[EventType "team-tourn"]
[EventRounds "11"]
[EventCountry "AUT"]
[SourceTitle "EXT 2015"]
[Source "ChessBase"]
[SourceDate "2014.11.20"]
[SourceVersion "1"]
[SourceVersionDate "2014.11.20"]
[SourceQuality "1"]
[WhiteTeam "Zwettl"]
[BlackTeam "Purbach"]
[WhiteTeamCountry "AUT"]
[BlackTeamCountry "AUT"]

1. d4 Nf6 2. c4 g6 3. Nc3 Bg7 4. e4 d6 5. Nf3 0-0 6. Be2 e5 7. 0-0 Nc6 8. d5 Ne7 9. b4 Ne8 10. c5 f5 11. Qb3 h6 12. a4 g5 13. exf5 Nxf5 14. Bd3 g4 15. Nd2 Nd4 16. Qd1 Qh4 17. Nde4 Bf5 18. Be3 Rd8 19. Ng3 Bc8 20. Nce4 Kh8 21. cxd6 Nxd6 22. Rc1 Nxe4 23. Bxe4 c6 24. Bxd4 exd4 25. Bb1 Be5 26. dxc6 d3 27. Bxd3 Rf5 28. c7 Rd4 29. Bxf5 Rxd1 30. Rfxd1 Bxf5 31. Rc5 Bxg3 32. hxg3 Qf6 33. Rxf5 1-0

[Event "AUT-chT2O 1314"]
[Site "Austria"]
[Date "2013.10.06"]
[Round "2.2"]
[White "Pinter, Erik"]
[Black "Heiny, Johannes"]
[Result "0-1"]
[WhiteElo "2358"]
[BlackElo "2297"]
[PlyCount "92"]
[EventDate "2013.10.05"]
[EventType "team-tourn"]
[EventRounds "11"]
[EventCountry "AUT"]
[SourceTitle "EXT 2014"]
[Source "ChessBase"]
[SourceDate "2013.11.20"]
[SourceVersion "1"]
[SourceVersionDate "2013.11.20"]
[SourceQuality "1"]
[WhiteTeam "Nickelsdorf"]
[BlackTeam "Purbach"]
[WhiteTeamCountry "AUT"]
[BlackTeamCountry "AUT"]

1. e4 e6 2. d3 d5 3. Nd2 Nf6 4. g3 b6 5. Bg2 Bb7 6. Ngf3 dxe4 7. Ng5 Nbd7 8. Ndxe4 Nxe4 9. Bxe4 Bxe4 10. dxe4 Be7 11. h4 Nc5 12. Be3 Qxd1+ 13. Rxd1 Bxg5 14. hxg5 Nxe4 15. Rd4 f5 16. f3 Nd6 17. g6 h6 18. Bf4 0-0-0 19. Rh2 Rhe8 20. Be5 Re7 21. c4 Nb7 22. g4 Rxd4 23. Bxd4 Na5 24. g5 hxg5 25. Bf6 gxf6 26. Rh7 Kd7 27. g7 Rxg7 28. Rxg7+ Kd6 29. c5+ bxc5 30. Rf7 Nc4 31. Rxf6 Nxb2 32. Kd2 Nc4+ 33. Ke2 Ne5 34. Rf8 c4 35. Ra8 Nc6 36. Rg8 Ke5 37. Rxg5 Kf4 38. Rg7 Nd4+ 39. Kf2 c6 40. Rxa7 Nxf3 41. Ra3 Ne5 42. Rc3 Ke4 43. a4 Kd4 44. Ra3 c3 45. Ke2 c2 46. Ra1 Kc3 0-1

[Event "AUT-chT2O 1314"]
[Site "Austria"]
[Date "2013.10.05"]
[Round "1.2"]
[White "Heiny, Johannes"]
[Black "Schwarhofer, Christopher"]
[Result "1/2-1/2"]
[WhiteElo "2297"]
[BlackElo "2310"]
[PlyCount "75"]
[EventDate "2013.10.05"]
[EventType "team-tourn"]
[EventRounds "11"]
[EventCountry "AUT"]
[SourceTitle "CBM 156 Extra"]
[Source "ChessBase"]
[SourceDate "2013.10.22"]
[SourceVersion "1"]
[SourceVersionDate "2013.10.22"]
[SourceQuality "1"]
[WhiteTeam "Purbach"]
[BlackTeam "Ternitz"]
[WhiteTeamCountry "AUT"]
[BlackTeamCountry "AUT"]

1. d4 Nf6 2. c4 g6 3. Nc3 Bg7 4. e4 d6 5. Nf3 0-0 6. Be2 Bg4 7. Be3 Nfd7 8. Ng1 Bxe2 9. Ngxe2 e5 10. 0-0 Nc6 11. d5 Ne7 12. b4 f5 13. f3 Nf6 14. c5 Qd7 15. Qd3 h5 16. b5 b6 17. cxd6 cxd6 18. a4 h4 19. h3 Nh5 20. a5 Nc8 21. Qc4 Qd8 22. Qc6 Ne7 23. Qb7 bxa5 24. Qa6 Nc8 25. Qxa5 Bf6 26. Qxd8 Bxd8 27. Ra6 Rf7 28. Rfa1 Rb7 29. Kf1 f4 30. Bf2 Ng3+ 31. Ke1 Nxe2 32. Kxe2 Kf7 33. Kd3 g5 34. R1a2 Ke7 35. Kc4 Bb6 36. Bxb6 Nxb6+ 37. Kb4 Nd7 38. Na4 1/2-1/2

[Event "AUT-chT2O 1213"]
[Site "Austria"]
[Date "2013.02.02"]
[Round "6.2"]
[White "Heiny, Johannes"]
[Black "Menezes, Christoph"]
[Result "1-0"]
[WhiteElo "2264"]
[BlackElo "2303"]
[PlyCount "65"]
[EventDate "2012.10.06"]
[EventType "team-tourn"]
[EventRounds "11"]
[EventCountry "AUT"]
[SourceTitle "EXT 2014"]
[Source "ChessBase"]
[SourceDate "2013.11.20"]
[SourceVersion "1"]
[SourceVersionDate "2013.11.20"]
[SourceQuality "1"]
[WhiteTeam "Purbach"]
[BlackTeam "Wien Ottakring"]
[WhiteTeamCountry "AUT"]
[BlackTeamCountry "AUT"]

1. d4 Nf6 2. c4 e6 3. Nc3 Bb4 4. e3 b6 5. Nge2 Ne4 6. Bd2 Nxd2 7. Qxd2 0-0 8. a3 Be7 9. g3 d5 10. cxd5 exd5 11. Bg2 c6 12. 0-0 Bb7 13. Rfc1 a5 14. Rd1 Nd7 15. Rac1 Re8 16. Qc2 Nf6 17. Qb3 Ba6 18. Nf4 b5 19. Nb1 Qb6 20. Nd2 b4 21. a4 Red8 22. Nd3 Rac8 23. Nc5 Bxc5 24. Rxc5 Nd7 25. Rc2 Bb7 26. Bh3 c5 27. dxc5 Nxc5 28. Qa2 b3 29. Nxb3 Nxb3 30. Bxc8 Rxc8 31. Rxc8+ Bxc8 32. Rxd5 Bb7 33. Qxb3 1-0

[Event "AUT-chT2O 1213"]
[Site "Austria"]
[Date "2012.12.01"]
[Round "5.2"]
[White "Krpelan, Wolfgang"]
[Black "Heiny, Johannes"]
[Result "0-1"]
[WhiteElo "2246"]
[BlackElo "2264"]
[PlyCount "64"]
[EventDate "2012.10.06"]
[EventType "team-tourn"]
[EventRounds "11"]
[EventCountry "AUT"]
[SourceTitle "EXT 2014"]
[Source "ChessBase"]
[SourceDate "2013.11.20"]
[SourceVersion "1"]
[SourceVersionDate "2013.11.20"]
[SourceQuality "1"]
[WhiteTeam "Lackenbach"]
[BlackTeam "Purbach"]
[WhiteTeamCountry "AUT"]
[BlackTeamCountry "AUT"]

1. e4 e6 2. d4 d5 3. Nc3 Nf6 4. e5 Nfd7 5. f4 c5 6. Nf3 Nc6 7. Be3 a6 8. Qd2 b5 9. dxc5 Bxc5 10. Bxc5 Nxc5 11. Nd4 Qb6 12. b4 Nxb4 13. Ncxb5 Nxc2+ 14. Qxc2 axb5 15. Bxb5+ Bd7 16. Rb1 0-0 17. 0-0 Ne4 18. Bxd7 Qxd4+ 19. Kh1 Qa7 20. Bb5 Rfc8 21. Qb2 Qxa2 22. Bd3 Nd2 23. Qxa2 Rxa2 24. Ra1 Rxa1 25. Rxa1 Nb3 26. Rb1 Rc1+ 27. Rxc1 Nxc1 28. Bc2 d4 29. Kg1 Ne2+ 30. Kf2 Nxf4 31. Be4 Ng6 32. Bxg6 hxg6 0-1

[Event "AUT-chT2O 1213"]
[Site "Austria"]
[Date "2012.11.18"]
[Round "4.2"]
[White "Heiny, Johannes"]
[Black "Lipka, Juraj"]
[Result "1-0"]
[WhiteElo "2264"]
[BlackElo "2441"]
[PlyCount "105"]
[EventDate "2012.10.06"]
[EventType "team-tourn"]
[EventRounds "11"]
[EventCountry "AUT"]
[SourceTitle "EXT 2014"]
[Source "ChessBase"]
[SourceDate "2013.11.20"]
[SourceVersion "1"]
[SourceVersionDate "2013.11.20"]
[SourceQuality "1"]
[WhiteTeam "Purbach"]
[BlackTeam "Pamhagen"]
[WhiteTeamCountry "AUT"]
[BlackTeamCountry "AUT"]

1. d4 d5 2. c4 c6 3. Bf4 dxc4 4. e3 Be6 5. Nf3 Nf6 6. Nc3 h6 7. Ne5 Nd5 8. Bg3 Nb6 9. Be2 g6 10. Qc2 Na6 11. 0-0 Nb4 12. Qc1 Bg7 13. Ne4 Na6 14. Nxc4 Nxc4 15. Bxc4 Bxc4 16. Qxc4 0-0 17. Rac1 Qd7 18. Rc3 Rfd8 19. Rfc1 Rac8 20. b4 Qd5 21. b5 Qxe4 22. bxa6 b6 23. Qa4 c5 24. Rc4 Qd5 25. h3 e5 26. e4 Qd7 27. Qxd7 Rxd7 28. dxc5 Rxc5 29. Rxc5 bxc5 30. Rxc5 Rd1+ 31. Kh2 Rd6 32. Ra5 Bf6 33. f3 Kg7 34. Bf2 Rd7 35. Rd5 Rc7 36. a4 Bg5 37. Rxe5 Rc2 38. Bg3 Rc6 39. Ra5 Bd2 40. Rd5 Bc3 41. Rd6 Rxd6 42. Bxd6 Bd4 43. f4 Kf6 44. Bc7 Ke6 45. a5 Bc5 46. Bb6 Kd6 47. g4 Kc6 48. Bxc5 Kxc5 49. Kg3 Kd4 50. Kf3 Kd3 51. h4 Kd4 52. e5 g5 53. h5 1-0

[Event "AUT-chT2O 1011"]
[Site "Austria"]
[Date "2011.03.12"]
[Round "10.2"]
[White "Schwarhofer, Christopher"]
[Black "Heiny, Johannes"]
[Result "1-0"]
[WhiteElo "2222"]
[BlackElo "2263"]
[PlyCount "73"]
[EventDate "2010.10.02"]
[EventType "team-tourn"]
[EventRounds "11"]
[EventCountry "AUT"]
[SourceTitle "EXT 2012"]
[Source "ChessBase"]
[SourceDate "2011.11.24"]
[SourceVersion "1"]
[SourceVersionDate "2011.11.24"]
[SourceQuality "1"]
[WhiteTeam "Niederabsdorf"]
[BlackTeam "Wieden"]
[WhiteTeamCountry "AUT"]
[BlackTeamCountry "AUT"]

1. e4 e6 2. d4 d5 3. Nc3 Nf6 4. e5 Nfd7 5. f4 c5 6. Nf3 Nc6 7. Be3 Qb6 8. Na4 Qa5+ 9. c3 c4 10. b4 Qc7 11. Be2 Be7 12. 0-0 f5 13. g4 b5 14. Nc5 Nxc5 15. dxc5 fxg4 16. Nd4 Nxd4 17. cxd4 a5 18. a4 Rb8 19. axb5 Rxb5 20. bxa5 h5 21. a6 0-0 22. Ra3 Ra5 23. Qa1 Rxa3 24. Qxa3 Bd7 25. Rb1 Ra8 26. h3 gxh3 27. Bxh5 Qc8 28. Rb7 Bd8 29. Bd2 Bc7 30. Qxh3 Be8 31. Bxe8 Qxe8 32. Rxc7 Rxa6 33. Qg4 Qf8 34. c6 Ra1+ 35. Kf2 Ra2 36. Qxe6+ Kh7 37. Qh3+ 1-0

[Event "AUT-chT2O 1011"]
[Site "Austria"]
[Date "2010.10.31"]
[Round "4.2"]
[White "Fodor, Tamas"]
[Black "Heiny, Johannes"]
[Result "1-0"]
[WhiteElo "2451"]
[BlackElo "2263"]
[PlyCount "81"]
[EventDate "2010.10.02"]
[EventType "team-tourn"]
[EventRounds "11"]
[EventCountry "AUT"]
[SourceTitle "EXT 2011"]
[Source "ChessBase"]
[SourceDate "2010.11.26"]
[SourceVersion "1"]
[SourceVersionDate "2010.11.26"]
[SourceQuality "1"]
[WhiteTeam "Mattersburg"]
[BlackTeam "Wieden"]
[WhiteTeamCountry "AUT"]
[BlackTeamCountry "AUT"]

1. Nf3 Nf6 2. c4 g6 3. d4 Bg7 4. Nc3 0-0 5. e4 d6 6. Be2 e5 7. 0-0 Nc6 8. d5 Ne7 9. b4 Nh5 10. c5 f5 11. Qb3 Kh8 12. Rd1 h6 13. Nd2 Nf6 14. Ba3 f4 15. Nc4 Ne8 16. b5 b6 17. cxd6 Nxd6 18. Bxd6 cxd6 19. a4 g5 20. Na2 g4 21. f3 g3 22. h3 Ng6 23. Bf1 Rg8 24. Nb4 Bf8 25. Nc6 Qg5 26. Rd2 Nh4 27. Raa2 Qh5 28. Qd1 Bxh3 29. gxh3 Nxf3+ 30. Kh1 Rg5 31. Rd3 g2+ 32. Bxg2 Rxg2 33. Kxg2 Nh4+ 34. Kh2 f3 35. Rf2 Bg7 36. Rdxf3 Nxf3+ 37. Qxf3 Qh4 38. Nxd6 Rf8 39. Nf5 Qg5 40. Qg3 Qxg3+ 41. Kxg3 1-0

[Event "Oberwart op"]
[Site "Oberwart"]
[Date "2010.07.18"]
[Round "9"]
[White "Heiny, Johannes"]
[Black "Serov, Maksim"]
[Result "1/2-1/2"]
[WhiteElo "2270"]
[BlackElo "2347"]
[PlyCount "136"]
[EventDate "2010.07.10"]
[EventType "swiss"]
[EventRounds "9"]
[EventCountry "AUT"]
[SourceTitle "CBM 137 Extra"]
[Source "ChessBase"]
[SourceDate "2010.09.01"]
[SourceVersion "1"]
[SourceVersionDate "2010.09.01"]
[SourceQuality "1"]

1. d4 Nf6 2. c4 c5 3. d5 e5 4. Nc3 d6 5. e4 Be7 6. Nf3 0-0 7. Be2 Nbd7 8. 0-0 Ne8 9. Ne1 g6 10. Nd3 Ng7 11. f4 Bf6 12. Bg4 exf4 13. Bxf4 Qe7 14. Qf3 Nb6 15. Bxc8 Raxc8 16. Nb5 Nxc4 17. Nxa7 Rcd8 18. Nb5 Nh5 19. Bh6 Bg7 20. Bxg7 Kxg7 21. Rf2 Nf6 22. Re1 Ne5 23. Nxe5 Qxe5 24. Qc3 Ng4 25. Qxe5+ Nxe5 26. Ref1 Rd7 27. Rf6 Rfd8 28. h3 h6 29. R6f2 Ra8 30. a3 Ra5 31. Nc3 b5 32. Nd1 Ra6 33. Ne3 Ra4 34. Rf4 h5 35. g4 Nd3 36. R4f3 Nxb2 37. gxh5 Nc4 38. hxg6 fxg6 39. Nxc4 Rxc4 40. Re3 Re7 41. Rf4 Rd4 42. Kf2 Rd2+ 43. Kf3 Ra7 44. Kg3 Ra2 45. Rff3 c4 46. Rc3 Re2 47. Rf4 Ra2 48. Rff3 Rf7 49. Rxf7+ Kxf7 50. Kf4 Kf6 51. Rf3 Rb2 52. e5+ dxe5+ 53. Ke4+ Ke7 54. Kxe5 Rb3 55. d6+ Ke8 56. Rf1 Rxa3 57. Rb1 Rxh3 58. Ra1 Kd7 59. Ra7+ Kc6 60. Rc7+ Kb6 61. Rc8 Rd3 62. Ke6 Re3+ 63. Kf6 Rf3+ 64. Ke6 Re3+ 65. Kf6 Rf3+ 66. Ke6 Re3+ 67. Kf6 c3 68. d7 Rd3 1/2-1/2

[Event "Oberwart op"]
[Site "Oberwart"]
[Date "2010.07.14"]
[Round "5"]
[White "Reinwald, Patrick"]
[Black "Heiny, Johannes"]
[Result "0-1"]
[WhiteElo "2086"]
[BlackElo "2270"]
[PlyCount "40"]
[EventDate "2010.07.10"]
[EventType "swiss"]
[EventRounds "9"]
[EventCountry "AUT"]
[SourceTitle "CBM 137 Extra"]
[Source "ChessBase"]
[SourceDate "2010.09.01"]
[SourceVersion "1"]
[SourceVersionDate "2010.09.01"]
[SourceQuality "1"]

1. d4 Nf6 2. Nf3 c5 3. e3 e6 4. Bd3 Nc6 5. b3 d5 6. Bb2 Be7 7. 0-0 0-0 8. Nbd2 b6 9. Ne5 Bb7 10. f4 Nb4 11. Be2 Ne4 12. a3 Nc6 13. Bd3 f6 14. Nef3 cxd4 15. exd4 f5 16. c4 Bf6 17. Ne5 Nxd4 18. cxd5 Nxd2 19. Qxd2 Nxb3 20. Qc3 Qxd5 0-1

[Event "Oberwart op"]
[Site "Oberwart"]
[Date "2010.07.12"]
[Round "3"]
[White "Doppelhammer, Herbert"]
[Black "Heiny, Johannes"]
[Result "1/2-1/2"]
[WhiteElo "2070"]
[BlackElo "2270"]
[PlyCount "49"]
[EventDate "2010.07.10"]
[EventType "swiss"]
[EventRounds "9"]
[EventCountry "AUT"]
[SourceTitle "CBM 137 Extra"]
[Source "ChessBase"]
[SourceDate "2010.09.01"]
[SourceVersion "1"]
[SourceVersionDate "2010.09.01"]
[SourceQuality "1"]

1. d4 Nf6 2. Nf3 b5 3. e3 a6 4. c4 bxc4 5. Bxc4 e6 6. Nc3 d5 7. Bd3 c5 8. 0-0 Nbd7 9. b3 Be7 10. Bb2 Bb7 11. Na4 cxd4 12. Bxd4 Bd6 13. Be2 e5 14. Bb2 0-0 15. Rc1 Qe7 16. Qc2 Ne4 17. Nd2 Rac8 18. Qd3 Rxc1 19. Rxc1 Nxf2 20. Kxf2 e4 21. Qd4 Be5 22. Qa7 Bxb2 23. Nxb2 Qf6+ 24. Ke1 Qxb2 25. Rb1 1/2-1/2

[Event "Oberwart op"]
[Site "Oberwart"]
[Date "2010.07.11"]
[Round "2"]
[White "Heiny, Johannes"]
[Black "Rieger, Robert"]
[Result "1/2-1/2"]
[WhiteElo "2270"]
[BlackElo "2041"]
[PlyCount "53"]
[EventDate "2010.07.10"]
[EventType "swiss"]
[EventRounds "9"]
[EventCountry "AUT"]
[SourceTitle "CBM 137 Extra"]
[Source "ChessBase"]
[SourceDate "2010.09.01"]
[SourceVersion "1"]
[SourceVersionDate "2010.09.01"]
[SourceQuality "1"]

1. d4 Nf6 2. c4 g6 3. Nc3 Bg7 4. e4 d6 5. Nf3 0-0 6. Be2 e5 7. 0-0 Nc6 8. d5 Ne7 9. Ne1 Nd7 10. Be3 f5 11. f3 f4 12. Bf2 g5 13. Nb5 b6 14. b4 Rf6 15. Nd3 a6 16. Nc3 Rh6 17. a4 Qe8 18. Be1 Kh8 19. a5 Ng8 20. Qa4 Qh5 21. h3 Nc5 22. bxc5 Bxh3 23. Kf2 Qh4+ 24. Kg1 Qh5 25. Kf2 Qh4+ 26. Kg1 Qh5 27. Kf2 1/2-1/2

[Event "AUT-chT2O 0910"]
[Site "Austria"]
[Date "2010.04.18"]
[Round "11.2"]
[White "Pinter, Erik"]
[Black "Heiny, Johannes"]
[Result "1/2-1/2"]
[WhiteElo "2416"]
[BlackElo "2245"]
[PlyCount "77"]
[EventDate "2009.10.17"]
[EventType "team-tourn"]
[EventRounds "11"]
[EventCountry "AUT"]
[SourceTitle "EXT 2011"]
[Source "ChessBase"]
[SourceDate "2010.11.26"]
[SourceVersion "1"]
[SourceVersionDate "2010.11.26"]
[SourceQuality "1"]
[WhiteTeam "Nickelsdorf"]
[BlackTeam "Wieden"]
[WhiteTeamCountry "AUT"]
[BlackTeamCountry "AUT"]

1. e4 e6 2. d4 d5 3. e5 c5 4. c3 Nc6 5. Nf3 Qb6 6. a3 Bd7 7. b4 cxd4 8. cxd4 Rc8 9. Be2 Nge7 10. 0-0 Nf5 11. Bb2 Be7 12. Qd2 0-0 13. Rd1 a6 14. Nc3 Na7 15. Bd3 Nh4 16. Nxh4 Bxh4 17. Bb1 a5 18. Qd3 g6 19. Qh3 Bg5 20. Nxd5 exd5 21. Qxd7 Bc1 22. Bxc1 Qxd4 23. Rf1 Qxa1 24. Bh6 Qxe5 25. Bxf8 Rxf8 26. Qxb7 Qb8 27. Qxb8 Rxb8 28. bxa5 Rb5 29. a6 Ra5 30. Bd3 Rxa3 31. Be2 Ra2 32. Bd3 Ra3 33. Rd1 Nc6 34. Bf1 Nb4 35. g3 Kg7 36. Rd4 Nxa6 37. Rxd5 Nb4 38. Rd7 Rc3 39. h4 1/2-1/2

[Event "AUT-chT2O 0910"]
[Site "Austria"]
[Date "2010.03.27"]
[Round "8.2"]
[White "Heiny, Johannes"]
[Black "Sadilek, Maximilian"]
[Result "1-0"]
[WhiteElo "2245"]
[BlackElo "2207"]
[PlyCount "59"]
[EventDate "2009.10.17"]
[EventType "team-tourn"]
[EventRounds "11"]
[EventCountry "AUT"]
[SourceTitle "EXT 2011"]
[Source "ChessBase"]
[SourceDate "2010.11.26"]
[SourceVersion "1"]
[SourceVersionDate "2010.11.26"]
[SourceQuality "1"]
[WhiteTeam "Wieden"]
[BlackTeam "St Poelten"]
[WhiteTeamCountry "AUT"]
[BlackTeamCountry "AUT"]

1. d4 Nf6 2. c4 e6 3. Nf3 c5 4. d5 b5 5. dxe6 fxe6 6. cxb5 d5 7. e3 Bd6 8. Nc3 Nbd7 9. Bd3 Bb7 10. Qe2 0-0 11. e4 c4 12. Bb1 Nxe4 13. Nxe4 dxe4 14. Bxe4 Bxe4 15. Qxe4 Bb4+ 16. Ke2 Nf6 17. Qxc4 Qe7 18. Rd1 Rac8 19. Qb3 Qc5 20. a4 Nd5 21. Kf1 Kh8 22. Kg1 Qc2 23. Qxc2 Rxc2 24. Nd4 Rfxf2 25. Nxc2 Rxc2 26. Be3 h5 27. Bxa7 h4 28. Rac1 Rxb2 29. Rb1 Ra2 30. Rxd5 1-0

[Event "Vienna op 16th"]
[Site "Vienna"]
[Date "2009.08.23"]
[Round "9"]
[White "Heiny, Johannes"]
[Black "Bawart, Markus"]
[Result "0-1"]
[WhiteElo "2264"]
[BlackElo "2385"]
[PlyCount "90"]
[EventDate "2009.08.15"]
[EventType "swiss"]
[EventRounds "9"]
[EventCountry "AUT"]
[SourceTitle "CBM 131 Extra"]
[Source "ChessBase"]
[SourceDate "2009.09.03"]
[SourceVersion "2"]
[SourceVersionDate "2009.09.16"]
[SourceQuality "1"]

1. d4 Nf6 2. c4 g6 3. Nc3 Bg7 4. e4 d6 5. Nf3 0-0 6. Be2 e5 7. 0-0 Nc6 8. d5 Ne7 9. Ne1 c5 10. Rb1 Nd7 11. b4 cxb4 12. Rxb4 f5 13. f3 f4 14. Nd3 g5 15. Kh1 Rf6 16. Ba3 b6 17. Nb5 a6 18. Nc3 Rh6 19. Na4 a5 20. Rb2 Ba6 21. Nf2 Nc8 22. Qb1 Bf8 23. Rc1 Rg6 24. Rc3 h5 25. h3 Be7 26. Rcb3 Qf8 27. Kg1 Bd8 28. Kf1 Ra7 29. Ke1 Qh6 30. Rc2 g4 31. fxg4 Bh4 32. Bf3 hxg4 33. Bxg4 Rxg4 34. hxg4 Nf6 35. Nxb6 Nxe4 36. Nxc8 Bxc8 37. Rb8 Bxf2+ 38. Rxf2 Qh1+ 39. Rf1 Qh4+ 40. Kd1 Nc3+ 41. Kc2 Nxb1 42. Rxc8+ Kg7 43. Kxb1 Rb7+ 44. Ka1 Qxg4 45. Rc6 f3 0-1

[Event "Vienna op 16th"]
[Site "Vienna"]
[Date "2009.08.19"]
[Round "5"]
[White "Heiny, Johannes"]
[Black "De Groote, Jesper"]
[Result "1-0"]
[WhiteElo "2264"]
[BlackElo "2048"]
[PlyCount "95"]
[EventDate "2009.08.15"]
[EventType "swiss"]
[EventRounds "9"]
[EventCountry "AUT"]
[SourceTitle "CBM 131 Extra"]
[Source "ChessBase"]
[SourceDate "2009.09.03"]
[SourceVersion "2"]
[SourceVersionDate "2009.09.16"]
[SourceQuality "1"]

1. d4 Nf6 2. c4 e6 3. Nf3 Bb4+ 4. Bd2 Bxd2+ 5. Nbxd2 d6 6. e3 c5 7. Be2 0-0 8. 0-0 Qe7 9. Qc2 Nc6 10. Ne4 e5 11. d5 Bf5 12. Nxf6+ Qxf6 13. Qc3 Nb8 14. b4 cxb4 15. Qxb4 Na6 16. Qxb7 Nc5 17. Qb2 Rfb8 18. Qa3 Qd8 19. Nxe5 dxe5 20. Qxc5 Rb2 21. Rfe1 Qh4 22. d6 Re8 23. Rad1 Qf6 24. Qxa7 Be6 25. Rb1 e4 26. d7 Rd8 27. Rxb2 Qxb2 28. Qc7 Qf6 29. Rd1 Qe7 30. c5 Rxd7 31. Rxd7 Qxd7 32. Qb8+ Qc8 33. Qxc8+ Bxc8 34. c6 Kf8 35. Bc4 Ke7 36. Kf1 f5 37. Ke2 Kd6 38. Bb5 Kc5 39. a4 Be6 40. Kd2 Kb6 41. Kc3 Kc5 42. g3 Bc8 43. h4 Be6 44. c7 Kd6 45. Kd4 Bc8 46. a5 Kxc7 47. Ke5 Kb8 48. Bc4 1-0

[Event "Vienna op 16th"]
[Site "Vienna"]
[Date "2009.08.18"]
[Round "4"]
[White "Kaiser, Richard"]
[Black "Heiny, Johannes"]
[Result "1/2-1/2"]
[WhiteElo "2134"]
[BlackElo "2264"]
[PlyCount "108"]
[EventDate "2009.08.15"]
[EventType "swiss"]
[EventRounds "9"]
[EventCountry "AUT"]
[SourceTitle "CBM 131 Extra"]
[Source "ChessBase"]
[SourceDate "2009.09.03"]
[SourceVersion "2"]
[SourceVersionDate "2009.09.16"]
[SourceQuality "1"]

1. Nf3 Nf6 2. g3 d5 3. Bg2 c6 4. b3 Bf5 5. Bb2 Nbd7 6. d3 h6 7. Nbd2 e6 8. 0-0 Be7 9. e4 dxe4 10. dxe4 Bh7 11. Qe2 0-0 12. Nd4 Qa5 13. Nc4 Qa6 14. Rfe1 c5 15. Nf3 Bxe4 16. Qe3 Bxc2 17. Qc3 Bh7 18. Rad1 Rfd8 19. h4 Bf8 20. Nh2 Nb6 21. Nxb6 Qxb6 22. Qf3 Rxd1 23. Qxd1 Rd8 24. Qf3 Rd3 25. Qe2 Be7 26. Ng4 Qd8 27. Bxf6 Bxf6 28. Nxf6+ Qxf6 29. Bxb7 Qd4 30. Qe5 Bf5 31. Qb8+ Kh7 32. Qe5 Rd1 33. Kg2 Rxe1 34. Qxe1 Qb4 35. Qxb4 cxb4 36. Bc6 Bb1 37. Kf3 f5 38. Ke3 Bxa2 39. Ba4 e5 40. Kd3 g5 41. Kc2 gxh4 42. gxh4 e4 43. Kb2 Bxb3 44. Kxb3 f4 45. Kxb4 e3 46. fxe3 fxe3 47. Bd1 Kg6 48. Kc3 Kf5 49. Kd3 Kf4 50. Ke2 Kg4 51. Kxe3+ Kxh4 52. Kd4 Kg5 53. Kc5 h5 54. Bxh5 Kxh5 1/2-1/2

[Event "Vienna op 16th"]
[Site "Vienna"]
[Date "2009.08.15"]
[Round "1"]
[White "Heiny, Johannes"]
[Black "Renner, Gabriele"]
[Result "1-0"]
[WhiteElo "2264"]
[BlackElo "2023"]
[PlyCount "87"]
[EventDate "2009.08.15"]
[EventType "swiss"]
[EventRounds "9"]
[EventCountry "AUT"]
[SourceTitle "CBM 131 Extra"]
[Source "ChessBase"]
[SourceDate "2009.09.03"]
[SourceVersion "2"]
[SourceVersionDate "2009.09.16"]
[SourceQuality "1"]

1. d4 d5 2. c4 e6 3. Nf3 Be7 4. g3 Nf6 5. Bg2 0-0 6. 0-0 Nbd7 7. Nbd2 c6 8. Qc2 Bd6 9. e4 Nxe4 10. Nxe4 dxe4 11. Qxe4 Nf6 12. Qc2 Re8 13. Rd1 Qe7 14. Bd2 Rb8 15. Bc3 Bd7 16. a4 a6 17. Ne5 Bb4 18. c5 Bxc3 19. bxc3 Nd5 20. Be4 f5 21. Bxd5 exd5 22. Re1 Be6 23. Qd2 Qf6 24. Rab1 Rf8 25. f4 h5 26. Qe2 h4 27. Nxc6 bxc6 28. Rxb8 Rxb8 29. Qxe6+ Qxe6 30. Rxe6 Rb1+ 31. Kg2 Rb2+ 32. Kh3 hxg3 33. hxg3 Ra2 34. Rxc6 Rxa4 35. Rd6 a5 36. Rxd5 Rc4 37. Rd8+ Kh7 38. Ra8 a4 39. Kh4 Kh6 40. g4 fxg4 41. Kxg4 Kg6 42. Ra5 Kf7 43. Kf5 g6+ 44. Ke4 1-0

[Event "Oberwart op-A"]
[Site "Oberwart"]
[Date "2009.07.18"]
[Round "8"]
[White "Heiny, Johannes"]
[Black "Klocker, Benedikt"]
[Result "0-1"]
[WhiteElo "2264"]
[BlackElo "2143"]
[PlyCount "82"]
[EventDate "2009.07.11"]
[EventType "swiss"]
[EventRounds "9"]
[EventCountry "AUT"]
[SourceTitle "CBM 131 Extra"]
[Source "ChessBase"]
[SourceDate "2009.09.03"]
[SourceVersion "2"]
[SourceVersionDate "2009.09.16"]
[SourceQuality "1"]

1. d4 Nf6 2. c4 g6 3. Nc3 Bg7 4. e4 d6 5. Nf3 0-0 6. Be2 e5 7. 0-0 Nc6 8. d5 Ne7 9. Ne1 Ne8 10. Be3 f5 11. f3 f4 12. Bf2 g5 13. Rc1 Rf7 14. c5 Bf8 15. cxd6 cxd6 16. Qb3 Rg7 17. Nb5 a6 18. Na7 g4 19. Bb6 Qd7 20. fxg4 Nf6 21. Nd3 Nxe4 22. Nxe5 dxe5 23. d6+ Kh8 24. dxe7 Bxe7 25. Rfd1 Qe8 26. Qd5 Nf6 27. Qxe5 Bxg4 28. Bxg4 Nxg4 29. Qxf4 Bg5 30. Qf3 Bxc1 31. Rxc1 Qe5 32. Rd1 Re8 33. g3 Nxh2 34. Kxh2 Qxb2+ 35. Qf2 Qxf2+ 36. Bxf2 Kg8 37. Rd2 Rge7 38. Kg1 Re2 39. Rd7 Rxa2 40. Rxb7 Ree2 41. Bd4 Re1# 0-1